000 00393nam a2200145 i 4500
001 bg
245 0 _aĆwiczenia rachunkowe z wybranych procesów w inżynierii chemicznej /
_cAndrzej Wolny [et al.].
260 _aWarszawa,
_c1983.
700 1 _aWolny, Andrzej.
040 _cBPK
041 _apol
080 _a66.01(075.8)(076)
942 _cKS
008 s pl f |000 0 pol
999 _c21702
_d21702
856 _uhttp://koha.tu.koszalin.pl/cgi-bin/koha/opac-detail.pl?biblionumber=21702
_yKatalog online BPK